Os melhores contos de F. Dostoiéviski (Record no. 143749)

MARC details
000 -LÍDER
campo de controle de tamanho fixo 00521 a2200181 4500
001 - NÚMERO DE CONTROLE
campo de controle 143749
040 ## - FONTE DA CATALOGAÇÃO
Instituição que transcreveu o registro Leonardo Da Vinci
041 ## - CÓDIGO DE IDIOMA
Código do idioma do texto/trilha sonora ou título diferente Português
082 ## - CDD - CLASSIFICAÇÃO DECIMAL DE DEWEY
Número de Classificação 891.73 D763m
Número do exemplar D763m
100 ## - ENTRADA PRINCIPAL--NOME PESSOAL
Nome pessoal DOSTOIÉVSKI, Fiódor
245 ## - TÍTULO
Título Os melhores contos de F. Dostoiéviski
260 ## - PUBLICAÇÃO, DISTRIBUIÇÃO, ETC.
Nome do editor, distribuidor, etc. Círculo do livro
Data da publicação, distribuição, etc. [19--?]
Local de publicação, distribuição, etc. São Paulo
300 ## - DESCRIÇÃO FÍSICA
Extensão 271
362 ## - DATAS DE PUBLICAÇÃO E/OU DESIGNAÇÃO SEQUENCIAL
Datas de publicação e/ou designação sequencial [19--?0000]
500 ## - NOTA GERAL
Nota geral Tradução, seleção e introdução de Ruth Guimarães
697 ## - ENTRADA DE ASSUNTO LOCAL--ENTIDADE COLETIVA (RLIN)
Nome corporativo ou nome da jurisdição Literatura Russa
-- Ficção
-- Romance
-- Rússia
942 ## - ELEMENTOS DE ENTRADA ADICIONADOS (KOHA)
Tipo de material Koha Livros
Holdings
Situação do descarte Situação das perdas Situação física Não pode ser emprestado Biblioteca de origem Biblioteca atual Data de aquisição Total de empréstimos Número de chamada completo Código de barras Data de último acesso Data do preço efetivo Tipo de material Koha
        Leonardo Da Vinci - Granja Viana Leonardo Da Vinci - Granja Viana 27/03/2024   891.73 D763m G00270 27/03/2024 27/03/2024 Livros